000 00582nam a2200193Ia 4500
005 20250326140912.0
008 250326s9999 xx 000 0 und d
020 _a0-87584-606-8
037 _aTextbook
040 _aFMSL
_beng
_cFMSL
041 _aeng
_2eng
084 _aX8(F182):8.73 N8
_qFMSL
100 _aDyer Davis
_9317239
245 0 _aPioneering technology and innovation since 1900
_cDyer Davis
260 _aBoston
_bBoston, Harvard business school press
_c1997
300 _axvi,503
942 _cTB
_hX8(F182):8.73 N8
999 _c1287808
_d1287808